MARC

Tag First Indicator Second Indicator Subfields
LEADER 00000cam a2200000 a 4500
001 in00000980021
005 20150927112039.0
008 900212s1989 enka b 00010 eng
010 |a  90117089  
020 |a 0582900603 
035 |a (OCoLC)21762331 
035 |9 AEW3146AM 
040 |a DLC  |c DLC  |d TXA  |d UtOrBLW 
043 |a po-----  |a t------  |a u------ 
049 |a TXAM 
050 0 0 |a Q127.A788  |b R66 1989 
082 0 0 |a 509.94  |2 20 
100 1 |a Ronayne, J. 
245 1 0 |a Science and technology in Australasia, Antarctica and the Pacific Islands /  |c Jarlath Ronayne and Campbell Boag. 
264 1 |a Burnt Mill, Harlow, Essex, UK :  |b Longman ;  |c 1989. 
264 2 |a Detroit, MI :  |b Distributed exclusively in the USA and Canada by Gale Research Co., 
300 |a xi, 335 pages :  |b illustrations ;  |c 24 cm. 
336 |a text  |b txt  |2 rdacontent 
337 |a unmediated  |b n  |2 rdamedia 
338 |a volume  |b nc  |2 rdacarrier 
490 1 |a Longman guide to world science and technology ;  |v 11 
504 |a Includes bibliographical references. 
650 0 |a Science  |z Australasia. 
650 0 |a Science and state  |z Australasia. 
650 0 |a Science  |z Antarctica. 
650 0 |a Science and state  |z Antarctica. 
650 0 |a Science  |z Islands of the Pacific. 
650 0 |a Science and state  |z Islands of the Pacific. 
650 0 |a Technology  |z Australasia. 
650 0 |a Technology and state  |z Australasia. 
650 0 |a Technology  |z Antarctica. 
650 0 |a Technology and state  |z Antarctica. 
650 0 |a Technology  |z Islands of the Pacific. 
650 0 |a Technology and state  |z Islands of the Pacific. 
650 0 |a Research  |z Australasia. 
650 0 |a Research  |z Antarctica. 
650 0 |a Research  |z Islands of the Pacific. 
700 1 |a Boag, Campbell. 
830 0 |a Longman guide to world science and technology ;  |v 11. 
999 |a MARS 
999 f f |s 8ddfa129-b0c3-3163-849a-42eeebc3c4be  |i a6415372-8fc4-3320-bd55-eaf9d693bd7f  |t 0 
952 f f |p ric  |a Texas A&M University  |b Rellis Campus  |c Joint Library Facility  |d Remote Storage  |t 0  |e Q127.A788 R66 1989  |h Library of Congress classification  |i unmediated -- volume  |m A14813956005 
998 f f |a Q127.A788 R66 1989  |t 0  |l Remote Storage